000 01059nam a2200205 i 4500
001 31830
003 ES-MaACL
005 20230906154442.0
007 t|
008 030130m19661972sp a |||| | spa d
100 1 _aBecker, Peter Emil.
_926950
245 1 0 _aGénetica humana /
_cdirigida por el Dr. P.E. Becker ; colaboradores, U. Cocchi ; versión de T. Amat Puértolas.
260 _aBarcelona :
_bToray,
_c1966-72.
300 _a4 t. en 6 v. :
_bil. ;
_c27 cm.
505 8 _aContiene: I ;
_tGenética humana - II ;
_tGermopatias maxilares, cabeza y columna vertebral, costillas, pelvis, hombro - III ;
_tMetabolismo, glándulas de secreción interna, aparato genitourinario, miopatias-alergias, enfermedades reumáticas, enfermedades infecciosas, tumores malignos... - IV ;
_tOjos, oído, nariz, garganta, piel y sus anejos - V-1 ;
_tEnfermedades del sistema nervioso - V-2 ;
_tEnfermedades psiquátricas
650 0 4 _aGenética humana.
_913061
700 1 _aCocchi, U.
_939387
700 1 _aAmat Puértolas, T.
_921143
852 _aES-MaACL
_jP-1119
999 _c31830
_d31830